00532nam a22001697a 4500008004100000020001800041041000800059080001600067100001900083245008400102246003300186246004200219260003600261300003000297650001700327700001800344150410b xxu||||| |||| 00| 0 eng d a97800717804830 aeng a330.101.5421 aDodge, Eric R.10aMcGraw-Hill's 500 macroeconomics questions :cEric R. Dodge and Melanie E. Fox.30a500 macroeconomics questions30aFive hundred macroeconomics questions aNew York :bMcGraw-Hill,c2013. a232 f.:b me il.;c23 cm. 0aMikroekonomi1 aFox, Melanie.